| 000 | 00396nam a2200133Ia 4500 | ||
|---|---|---|---|
| 008 | 220204s9999 xx 000 0 und d | ||
| 082 |
_a631.4(47+57) _bSOK |
||
| 245 | 0 | _aAgrochemistry of the soils of the USSR: Far east | |
| 260 |
_aJerusalem _bIsrael program for Sc Translation _c1974 |
||
| 505 | _aTr from Russian by N Kaner | ||
| 650 | _aMaritime soils | ||
| 700 | _aSokolov, A V | ||
| 942 | _cBK | ||
| 999 |
_c39126 _d39126 |
||